| 000 | 00716nam a2200241 a 4500 | ||
|---|---|---|---|
| 001 | 19979 | ||
| 003 | BD-RjUL | ||
| 005 | 20211209000515.0 | ||
| 008 | 140226r19611953enk 000 1 eng d | ||
| 035 | _a(OCoLC)ocm14140331 | ||
| 035 | _a(BD-RjUL)20040 | ||
| 040 |
_aCOF _cCOF _dUKM _dNNC _dBD-RjUL _beng |
||
| 041 | _aeng | ||
| 082 | 0 | 0 |
_a823.914 _219 _bAML 1961 |
| 100 | 1 |
_aAmis, Kingsley. _958577 |
|
| 245 | 1 | 0 |
_aLucky Jim : _ba novel / _cby Kingsley Amis. |
| 260 |
_aLondon : _bV. Gollancz Ltd., _cc1953 [impression 1961]. |
||
| 300 |
_a256 p. ; _c23 cm. |
||
| 650 |
_aCollege teachers _vFiction. _zEngland _961414 |
||
| 653 | _aFiction in English, 1945- - Texts | ||
| 942 |
_2ddc _cBK |
||
| 999 |
_c19979 _d19979 |
||